[Event "Oberliga Nord O 1819"]
[Site "Germany"]
[Date "2019.01.20"]
[Round "5.5"]
[White "Teschke, Olaf"]
[Black "Boewer, Roland"]
[Result "1/2-1/2"]
[WhiteElo "2227"]
[BlackElo "2198"]
[PlyCount "36"]
[EventDate "2018.10.21"]
[EventType "team-tourn"]
[EventRounds "9"]
[EventCountry "GER"]
[SourceTitle "EXT 2020"]
[Source "ChessBase"]
[SourceDate "2019.10.17"]
[SourceVersion "1"]
[SourceVersionDate "2019.10.17"]
[SourceQuality "1"]
[WhiteTeam "Greifswald"]
[BlackTeam "Oberschoeneweide"]
[WhiteTeamCountry "GER"]
[BlackTeamCountry "GER"]

1. d4 Nf6 2. Bg5 g6 3. Bxf6 exf6 4. c4 Bg7 5. Nc3 d6 6. e3 Nd7 7. g3 0-0 8. Bg2 Re8 9. Nge2 f5 10. 0-0 Nf6 11. Qd3 c6 12. b4 Qe7 13. c5 dxc5 14. bxc5 Be6 15. Nf4 Rad8 16. Nxe6 fxe6 17. Qc4 Nd5 18. Rac1 Qf7 1/2-1/2

[Event "Oberliga Nord O 1516"]
[Site "Germany"]
[Date "2016.04.10"]
[Round "9.1"]
[White "Rosenthal, Dirk"]
[Black "Teschke, Olaf"]
[Result "1-0"]
[WhiteElo "2413"]
[BlackElo "2224"]
[PlyCount "53"]
[EventDate "2015.09.20"]
[EventType "team-tourn"]
[EventRounds "9"]
[EventCountry "GER"]
[SourceTitle "EXT 2017"]
[Source "ChessBase"]
[SourceDate "2016.10.25"]
[SourceVersion "1"]
[SourceVersionDate "2016.10.25"]
[SourceQuality "1"]
[WhiteTeam "Oberschoeneweide"]
[BlackTeam "Greifswald"]
[WhiteTeamCountry "GER"]
[BlackTeamCountry "GER"]

1. d4 d5 2. c4 e6 3. Nc3 Nf6 4. Bg5 Nbd7 5. cxd5 exd5 6. e3 Be7 7. Bd3 c6 8. Nge2 Nh5 9. Bxe7 Qxe7 10. 0-0 0-0 11. Qb1 g6 12. b4 a6 13. a4 Ndf6 14. b5 Bg4 15. bxc6 bxc6 16. a5 Rfb8 17. Qa2 Ne4 18. Na4 Bxe2 19. Qxe2 Rb4 20. Nb6 Rd8 21. Rfc1 f5 22. Rxc6 f4 23. Bxa6 Qg5 24. Rc8 Rxc8 25. Bxc8 fxe3 26. Qxe3 Nf4 27. g3 1-0

[Event "Oberliga Nord O 1415"]
[Site "Germany"]
[Date "2015.02.22"]
[Round "7.2"]
[White "Stiemerling, Wilfried"]
[Black "Teschke, Olaf"]
[Result "1/2-1/2"]
[WhiteElo "2134"]
[BlackElo "2213"]
[PlyCount "29"]
[EventDate "2014.09.21"]
[EventType "team-tourn"]
[EventRounds "9"]
[EventCountry "GER"]
[SourceTitle "EXT 2016"]
[Source "ChessBase"]
[SourceDate "2015.10.08"]
[SourceVersion "1"]
[SourceVersionDate "2015.10.08"]
[SourceQuality "1"]
[WhiteTeam "Fuerstenwalde"]
[BlackTeam "Greifswald"]
[WhiteTeamCountry "GER"]
[BlackTeamCountry "GER"]

1. d4 d5 2. c4 e6 3. Nc3 Nf6 4. Bg5 Nbd7 5. e3 c6 6. a3 Be7 7. Nf3 Ne4 8. Bxe7 Qxe7 9. cxd5 Nxc3 10. bxc3 exd5 11. Be2 0-0 12. 0-0 Nf6 13. c4 dxc4 14. Bxc4 Be6 15. Qb3 1/2-1/2

[Event "Oberliga Nord O 1314"]
[Site "Germany"]
[Date "2013.11.10"]
[Round "2.2"]
[White "Teschke, Olaf"]
[Black "Friedrich, Wiede"]
[Result "1-0"]
[WhiteElo "2214"]
[BlackElo "2259"]
[PlyCount "71"]
[EventDate "2013.10.13"]
[EventType "team-tourn"]
[EventRounds "9"]
[EventCountry "GER"]
[SourceTitle "EXT 2015"]
[Source "ChessBase"]
[SourceDate "2014.11.20"]
[SourceVersion "1"]
[SourceVersionDate "2014.11.20"]
[SourceQuality "1"]
[WhiteTeam "Greifswald"]
[BlackTeam "Potsdam USV"]
[WhiteTeamCountry "GER"]
[BlackTeamCountry "GER"]

1. d4 Nf6 2. c4 c6 3. Nc3 d5 4. cxd5 cxd5 5. Bf4 e6 6. e3 Bd6 7. Bxd6 Qxd6 8. f4 a6 9. Bd3 b5 10. Nf3 Bb7 11. Ne5 Ne4 12. Qf3 Nxc3 13. bxc3 Nd7 14. 0-0 0-0 15. Qh5 Nf6 16. Bxh7+ Nxh7 17. Rf3 Nf6 18. Qh4 Rfb8 19. Rh3 Kf8 20. Qh8+ Ke7 21. Qxg7 Ne8 22. Qxf7+ Kd8 23. Rh6 Bc8 24. f5 Rb7 25. Qxb7 Bxb7 26. Nf7+ Kc7 27. Nxd6 Nxd6 28. Rh7+ Kc6 29. f6 Rf8 30. Rf1 Nf5 31. g4 Nd6 32. g5 Nf5 33. Rxf5 exf5 34. f7 Bc8 35. g6 Be6 36. g7 1-0

[Event "Oberliga Nord O 1213"]
[Site "Germany"]
[Date "2013.02.24"]
[Round "7.2"]
[White "Paulsen, Dirk"]
[Black "Teschke, Olaf"]
[Result "1-0"]
[WhiteElo "2348"]
[BlackElo "2232"]
[PlyCount "59"]
[EventDate "2012.10.17"]
[EventType "team-tourn"]
[EventRounds "9"]
[EventCountry "GER"]
[SourceTitle "EXT 2015"]
[Source "ChessBase"]
[SourceDate "2014.11.20"]
[SourceVersion "1"]
[SourceVersionDate "2014.11.20"]
[SourceQuality "1"]
[WhiteTeam "Lasker Steglitz"]
[BlackTeam "Greifswald"]
[WhiteTeamCountry "GER"]
[BlackTeamCountry "GER"]

1. d4 Nf6 2. c4 c5 3. d5 b5 4. cxb5 a6 5. bxa6 Bxa6 6. b3 e6 7. Nc3 exd5 8. Nxd5 Nxd5 9. Qxd5 Nc6 10. Bb2 Be7 11. Nf3 0-0 12. e4 Nb4 13. Qd2 Bxf1 14. Kxf1 d5 15. exd5 Bf6 16. h4 Bxb2 17. Qxb2 Qxd5 18. h5 Ra6 19. Rh4 Rfa8 20. a4 Nc6 21. h6 f6 22. Rg4 R8a7 23. Qxf6 g6 24. Re1 Qf7 25. Qc3 Ne7 26. Ng5 Qf6 27. Qc4+ Kh8 28. Rf4 Qxg5 29. Rf8+ Ng8 30. Rxg8# 1-0

[Event "Oberliga Nord O 1213"]
[Site "Germany"]
[Date "2013.01.13"]
[Round "5.2"]
[White "Dauth, Benjamin"]
[Black "Teschke, Olaf"]
[Result "1/2-1/2"]
[WhiteElo "2313"]
[BlackElo "2232"]
[PlyCount "101"]
[EventDate "2012.10.17"]
[EventType "team-tourn"]
[EventRounds "9"]
[EventCountry "GER"]
[SourceTitle "EXT 2015"]
[Source "ChessBase"]
[SourceDate "2014.11.20"]
[SourceVersion "1"]
[SourceVersionDate "2014.11.20"]
[SourceQuality "1"]
[WhiteTeam "Pankow Rotation"]
[BlackTeam "Greifswald"]
[WhiteTeamCountry "GER"]
[BlackTeamCountry "GER"]

1. e4 e5 2. Bc4 Nc6 3. Nf3 Bc5 4. 0-0 Nf6 5. c3 Nxe4 6. d4 d5 7. dxc5 dxc4 8. Qe2 Qd3 9. Re1 Qxe2 10. Rxe2 Nxc5 11. Nxe5 Be6 12. Nxc6 bxc6 13. Bf4 0-0-0 14. Nd2 Nd3 15. Be3 Nxb2 16. Bxa7 Na4 17. Bd4 Bd5 18. f3 f6 19. Ne4 Rhe8 20. Ng3 c5 21. Bf2 Nxc3 22. Rc2 Na4 23. Nf5 Bf7 24. Nxg7 Re5 25. Bh4 Rd6 26. f4 Red5 27. Be1 Rd1 28. Rcc1 Nb2 29. Nf5 R6d3 30. Kf2 Rxc1 31. Rxc1 Nd1+ 32. Kf1 c3 33. Bh4 Bc4 34. Ke1 Ne3 35. Nxe3 Rxe3+ 36. Kf2 Re2+ 37. Kf3 Rxa2 38. Rxc3 Bd5+ 39. Ke3 Rxg2 40. Rxc5 c6 41. Bxf6 Rxh2 42. Ra5 Ra2 43. Rxa2 Bxa2 44. Kd4 Kd7 45. f5 Kd6 46. Be5+ Ke7 47. Bg7 h5 48. Ke5 Kf7 49. Bf6 Ke8 50. Kd6 Bd5 51. Bg5 1/2-1/2

[Event "Baltic Sea Cup"]
[Site "Bornholm"]
[Date "2008.08.06"]
[Round "10"]
[White "Teschke, Olaf"]
[Black "Hansen, Lars Bo"]
[Result "0-1"]
[WhiteElo "2298"]
[BlackElo "2569"]
[PlyCount "80"]
[EventDate "2008.07.29"]
[EventType "swiss"]
[EventRounds "10"]
[EventCountry "DEN"]
[SourceTitle "CBM 125 Extra"]
[Source "ChessBase"]
[SourceDate "2008.09.01"]
[SourceVersion "1"]
[SourceVersionDate "2008.09.01"]
[SourceQuality "1"]

1. d4 d5 2. c4 e6 3. Nc3 Nf6 4. Bg5 Nbd7 5. e3 c6 6. Nf3 Qa5 7. Nd2 dxc4 8. Bxf6 Nxf6 9. Nxc4 Qc7 10. Rc1 Be7 11. Bd3 0-0 12. 0-0 Rd8 13. e4 Rxd4 14. e5 Qd8 15. exf6 Bxf6 16. Ne4 Rxd3 17. Nxf6+ gxf6 18. Qg4+ Kh8 19. Rfd1 e5 20. Qh5 Be6 21. Ne3 Rxd1+ 22. Rxd1 Qg8 23. Qh4 Qg5 24. Qb4 b6 25. Qe7 Rg8 26. Rd8 Rxd8 27. Qxd8+ Kg7 28. Qc7 Qg6 29. Qxc6 Qb1+ 30. Nf1 Qxb2 31. g4 Qe2 32. Ne3 Qxa2 33. Qb7 Qb1+ 34. Kg2 a5 35. Qf3 Qg6 36. Kf1 a4 37. h4 Qd3+ 38. Kg2 a3 39. g5 Bd5 40. gxf6+ Kh8 0-1

[Event "Baltic Sea Cup"]
[Site "Bornholm"]
[Date "2008.08.04"]
[Round "8"]
[White "Teschke, Olaf"]
[Black "Christensen, Klaus"]
[Result "1/2-1/2"]
[WhiteElo "2298"]
[BlackElo "2034"]
[PlyCount "58"]
[EventDate "2008.07.29"]
[EventType "swiss"]
[EventRounds "10"]
[EventCountry "DEN"]
[SourceTitle "CBM 125 Extra"]
[Source "ChessBase"]
[SourceDate "2008.09.01"]
[SourceVersion "1"]
[SourceVersionDate "2008.09.01"]
[SourceQuality "1"]

1. d4 d5 2. c4 c6 3. cxd5 cxd5 4. Nc3 Nf6 5. Bf4 Nc6 6. e3 e6 7. Bd3 Bd6 8. Bxd6 Qxd6 9. f4 0-0 10. Nf3 Bd7 11. 0-0 Rac8 12. Ne5 Be8 13. Rf3 g6 14. g4 Nd7 15. g5 f5 16. gxf6 Nxf6 17. Rc1 Qe7 18. Rf2 Bf7 19. Na4 Nxe5 20. dxe5 Rxc1 21. Qxc1 Ng4 22. Rg2 Qh4 23. Nc3 Rc8 24. Qd2 Be8 25. Bc2 Bc6 26. Bd1 Nh6 27. Rg5 d4 28. exd4 Rd8 29. Qf2 Qxf2+ 1/2-1/2

[Event "Baltic Sea Cup"]
[Site "Bornholm"]
[Date "2008.07.31"]
[Round "4"]
[White "Teschke, Olaf"]
[Black "Jahncke, Giso"]
[Result "0-1"]
[WhiteElo "2298"]
[BlackElo "2052"]
[PlyCount "113"]
[EventDate "2008.07.29"]
[EventType "swiss"]
[EventRounds "10"]
[EventCountry "DEN"]
[SourceTitle "CBM 125 Extra"]
[Source "ChessBase"]
[SourceDate "2008.09.01"]
[SourceVersion "1"]
[SourceVersionDate "2008.09.01"]
[SourceQuality "1"]

1. d4 Nf6 2. c4 g6 3. Nc3 Bg7 4. e4 d6 5. Nf3 0-0 6. Be2 e5 7. 0-0 Nc6 8. d5 Ne7 9. Kh1 Kh8 10. b4 Nh5 11. Re1 f5 12. Ng1 Nf6 13. f3 h5 14. c5 f4 15. a4 g5 16. Ba3 Rf7 17. b5 b6 18. cxb6 cxb6 19. Bb4 Ng6 20. a5 Rb8 21. axb6 axb6 22. Ra2 Bf8 23. Qa1 Bb7 24. Ra7 Ra8 25. Rxa8 Bxa8 26. Qa6 Bb7 27. Qa7 Bxd5 28. Qa3 Be6 29. Rd1 Rd7 30. Nd5 Bxd5 31. exd5 Ne7 32. Bc4 Nf5 33. Qd3 Ne3 34. Ra1 e4 35. fxe4 Rc7 36. Bb3 Nfg4 37. Nh3 Bg7 38. Re1 Qc8 39. Bd1 Nxd1 40. Qxd1 Be5 41. Qb3 Ne3 42. Bd2 Nxg2 43. Rg1 Bc3 44. Nxg5 Bxd2 45. Qb2+ Bc3 46. Qxg2 Bd4 47. Rf1 Rg7 48. h4 Qc3 49. Qf3 Qxf3+ 50. Rxf3 Be3 51. Rf1 Ra7 52. Kg2 Ra5 53. Nf7+ Kg7 54. Nxd6 Kf6 55. Nc4 Ra2+ 56. Kf3 Ra4 57. Nxe3 0-1

[Event "Baltic Sea Cup"]
[Site "Bornholm"]
[Date "2008.07.30"]
[Round "3"]
[White "Gyimesi, Zoltan"]
[Black "Teschke, Olaf"]
[Result "1-0"]
[WhiteElo "2586"]
[BlackElo "2298"]
[PlyCount "71"]
[EventDate "2008.07.29"]
[EventType "swiss"]
[EventRounds "10"]
[EventCountry "DEN"]
[SourceTitle "CBM 125 Extra"]
[Source "ChessBase"]
[SourceDate "2008.09.01"]
[SourceVersion "1"]
[SourceVersionDate "2008.09.01"]
[SourceQuality "1"]

1. d4 d5 2. c4 e6 3. Nf3 Nf6 4. Nc3 Nbd7 5. cxd5 exd5 6. Bg5 c6 7. e3 Qa5 8. Nd2 Ne4 9. Ndxe4 dxe4 10. Bf4 Nb6 11. Qc2 Be6 12. Bc7 Bb4 13. Be2 Rc8 14. Bxb6 axb6 15. a3 Bxc3+ 16. bxc3 c5 17. 0-0 cxd4 18. exd4 Rxc3 19. Qxe4 0-0 20. Bf3 Rd8 21. Qxb7 Rxd4 22. Rfd1 Rxd1+ 23. Rxd1 g6 24. h4 Rxa3 25. h5 Kg7 26. Qb8 Qg5 27. h6+ Qxh6 28. Qe5+ f6 29. Qxe6 Ra7 30. Rd7+ Rxd7 31. Qxd7+ Kf8 32. Qd8+ Kg7 33. Qe7+ Kh8 34. Qxf6+ Qg7 35. Qd8+ Qg8 36. Qxb6 1-0

[Event "Mecklenburg VP-ch"]
[Site "Nakenstorf"]
[Date "2008.03.23"]
[Round "8.1"]
[White "Teschke, Olaf"]
[Black "Knuth, Hannes"]
[Result "1/2-1/2"]
[WhiteElo "2293"]
[BlackElo "2266"]
[PlyCount "113"]
[EventDate "2008.03.20"]
[EventType "swiss"]
[EventRounds "9"]
[EventCountry "GER"]
[SourceTitle "EXT 2022"]
[Source "ChessBase"]
[SourceDate "2021.10.06"]
[SourceVersion "1"]
[SourceVersionDate "2021.10.06"]
[SourceQuality "1"]

1. e4 c5 2. Nf3 Nc6 3. d4 cxd4 4. Nxd4 a6 5. c4 e6 6. Nxc6 bxc6 7. Bd3 e5 8. 0-0 Bc5 9. Nd2 a5 10. Nb3 Be7 11. a4 Nf6 12. Bd2 Qb6 13. Be3 c5 14. Bd2 d6 15. Ra3 Nd7 16. Nc1 Nb8 17. Ne2 Nc6 18. Nc3 Nd4 19. Nb5 0-0 20. Rc3 Ne6 21. g3 Bb7 22. Rb3 Qc6 23. Nc3 Bg5 24. Nd5 Bd8 25. Be3 Nd4 26. Bxd4 cxd4 27. f4 Qd7 28. f5 Bc6 29. Ra3 f6 30. b3 Rb8 31. Bc2 Bb6 32. Qd3 Bc5 33. Raa1 Bxd5 34. cxd5 Rfc8 35. Rf3 Ba7 36. Kg2 Rc3 37. Qe2 Qc7 38. Rxc3 dxc3 39. Rd1 Qc5 40. Kh3 Qf2 41. Qxf2 Bxf2 42. Kg2 Bc5 43. Kf3 Kf7 44. Rb1 g6 45. fxg6+ hxg6 46. h4 Ke7 47. g4 Kd7 48. h5 gxh5 49. gxh5 Rh8 50. Rh1 Ke7 51. h6 Kf7 52. h7 Kg6 53. Rh3 Rxh7 54. Rxh7 Kxh7 55. Kg4 Kg6 56. Bb1 Kf7 57. Kf3 1/2-1/2

[Event "Mecklenburg VP-ch"]
[Site "Nakenstorf"]
[Date "2008.03.23"]
[Round "7.2"]
[White "Teschke, Olaf"]
[Black "Moeller, Peter"]
[Result "1/2-1/2"]
[WhiteElo "2293"]
[BlackElo "2142"]
[PlyCount "24"]
[EventDate "2008.03.20"]
[EventType "swiss"]
[EventRounds "9"]
[EventCountry "GER"]
[SourceTitle "EXT 2022"]
[Source "ChessBase"]
[SourceDate "2021.10.06"]
[SourceVersion "1"]
[SourceVersionDate "2021.10.06"]
[SourceQuality "1"]

1. e4 c6 2. d4 d5 3. e5 g6 4. Nc3 Bg7 5. f4 h5 6. Nf3 Bg4 7. h3 Bxf3 8. Qxf3 Qb6 9. Ne2 e6 10. g4 Ne7 11. c3 Nd7 12. b3 c5 1/2-1/2

[Event "Oberliga Nord O 0708"]
[Site "Germany"]
[Date "2008.02.10"]
[Round "6.1"]
[White "Rolle, Eric"]
[Black "Teschke, Olaf"]
[Result "1/2-1/2"]
[WhiteElo "2213"]
[BlackElo "2293"]
[PlyCount "100"]
[EventDate "2007.10.21"]
[EventType "team-tourn"]
[EventRounds "9"]
[EventCountry "GER"]
[SourceTitle "EXT 2009"]
[Source "ChessBase"]
[SourceDate "2008.11.26"]
[SourceVersion "1"]
[SourceVersionDate "2008.11.26"]
[SourceQuality "1"]
[WhiteTeam "Eberswalde"]
[BlackTeam "Greifswald"]
[WhiteTeamCountry "GER"]
[BlackTeamCountry "GER"]

1. c4 e6 2. Nf3 d5 3. g3 Nf6 4. Bg2 dxc4 5. Qa4+ c6 6. Qxc4 b5 7. Qc2 Bb7 8. 0-0 c5 9. a4 b4 10. d3 Nbd7 11. a5 Be7 12. Nbd2 Rc8 13. Nc4 Nd5 14. e4 Nc7 15. b3 Nb5 16. Bb2 0-0 17. Rfd1 Qc7 18. d4 cxd4 19. Nxd4 Nxd4 20. Bxd4 Ba6 21. Qb2 Bxc4 22. bxc4 e5 23. Be3 Nb8 24. Rd5 Nc6 25. a6 Nd4 26. Bh3 Rb8 27. Bxd4 exd4 28. Qxd4 Rfd8 29. Rb1 Rxd5 30. cxd5 Qc2 31. Rb2 Qc5 32. Qxc5 Bxc5 33. Bf1 g5 34. Kg2 Kg7 35. f4 gxf4 36. gxf4 f6 37. Kf3 Bd4 38. Rb3 Bc3 39. Bh3 Kf7 40. Bd7 Ke7 41. Bc6 Kd6 42. Kg4 Rg8+ 43. Kf5 Rg2 44. e5+ fxe5 45. fxe5+ Bxe5 46. Rxb4 Rf2+ 47. Kg5 Rxh2 48. Rb7 Rg2+ 49. Kf5 Rg7 50. Rb8 Rf7+ 1/2-1/2

[Event "Oberliga Nord O 0708"]
[Site "Germany"]
[Date "2007.12.09"]
[Round "4.1"]
[White "Teschke, Olaf"]
[Black "Rennoch, Ralf"]
[Result "1/2-1/2"]
[WhiteElo "2293"]
[BlackElo "2150"]
[PlyCount "48"]
[EventDate "2007.10.21"]
[EventType "team-tourn"]
[EventRounds "9"]
[EventCountry "GER"]
[SourceTitle "EXT 2009"]
[Source "ChessBase"]
[SourceDate "2008.11.26"]
[SourceVersion "1"]
[SourceVersionDate "2008.11.26"]
[SourceQuality "1"]
[WhiteTeam "Greifswald"]
[BlackTeam "Friesen Lichtenberg"]
[WhiteTeamCountry "GER"]
[BlackTeamCountry "GER"]

1. e4 e6 2. d4 d5 3. exd5 exd5 4. c4 Nf6 5. Nc3 Be7 6. Nf3 0-0 7. Be2 dxc4 8. Bxc4 Nbd7 9. 0-0 Nb6 10. Bb3 Bg4 11. Qd3 c5 12. d5 Rc8 13. Ne5 g6 14. Bh6 Re8 15. d6 c4 16. dxe7 Qxd3 17. Nxd3 cxb3 18. axb3 Rxe7 19. Bg5 Kg7 20. Rxa7 Bf5 21. Nf4 Rd7 22. Bxf6+ Kxf6 23. f3 Bc2 24. Na4 Rc6 1/2-1/2

[Event "Oberliga Nord O 0708"]
[Site "Germany"]
[Date "2007.11.25"]
[Round "3.1"]
[White "Murawski, Grzegorz"]
[Black "Teschke, Olaf"]
[Result "1/2-1/2"]
[WhiteElo "2321"]
[BlackElo "2293"]
[PlyCount "52"]
[EventDate "2007.10.21"]
[EventType "team-tourn"]
[EventRounds "9"]
[EventCountry "GER"]
[SourceTitle "EXT 2009"]
[Source "ChessBase"]
[SourceDate "2008.11.26"]
[SourceVersion "1"]
[SourceVersionDate "2008.11.26"]
[SourceQuality "1"]
[WhiteTeam "Zehlendorf II"]
[BlackTeam "Greifswald"]
[WhiteTeamCountry "GER"]
[BlackTeamCountry "GER"]

1. e4 e5 2. Nf3 Nc6 3. d4 exd4 4. Bc4 Bc5 5. c3 Nf6 6. cxd4 Bb4+ 7. Nc3 Nxe4 8. 0-0 Bxc3 9. d5 Bf6 10. Re1 Ne7 11. Rxe4 d6 12. Bg5 Bxg5 13. Nxg5 h6 14. Qe2 hxg5 15. Re1 Be6 16. dxe6 f6 17. Re3 Kf8 18. Rh3 Rxh3 19. gxh3 g6 20. Qf3 Kg7 21. Qxb7 d5 22. Bb3 Qb8 23. Qa6 Qb6 24. Qa4 Rd8 25. Bxd5 Rxd5 26. Qe8 Qb4 1/2-1/2

[Event "Berlin op 09"]
[Site "Berlin"]
[Date "2006.10.06"]
[Round "7"]
[White "Teschke, Olaf"]
[Black "Kristovic, Stjepan"]
[Result "1-0"]
[WhiteElo "2254"]
[BlackElo "2053"]
[PlyCount "79"]
[EventDate "2006.09.30"]
[EventType "swiss"]
[EventRounds "9"]
[EventCountry "GER"]
[SourceTitle "EXT 2007"]
[Source "ChessBase"]
[SourceDate "2006.11.23"]
[SourceVersion "1"]
[SourceVersionDate "2006.11.23"]
[SourceQuality "1"]

1. d4 d5 2. c4 Nf6 3. cxd5 Qxd5 4. Nc3 Qh5 5. Nf3 a6 6. e4 e6 7. Bd3 Bb4 8. 0-0 Bxc3 9. bxc3 Qa5 10. c4 c5 11. e5 Ng8 12. d5 h6 13. Qe2 Ne7 14. d6 Nec6 15. Bb2 Qd8 16. Nd2 h5 17. f4 g6 18. Ne4 Nd7 19. Bc2 b6 20. Ng5 Nf8 21. Rad1 Bd7 22. Bc3 Rg8 23. Nf3 Qc8 24. Be1 Ra7 25. Bh4 Nb4 26. Bb1 Nc6 27. h3 Rb7 28. Qe3 Na5 29. Rc1 Bc6 30. Ng5 Ra7 31. Rfd1 Qa8 32. Rd2 Rd7 33. Rb2 Qa7 34. Bd3 Rb7 35. Be1 Nd7 36. Rcb1 Qb8 37. Bxa5 bxa5 38. Rxb7 Qxb7 39. Rxb7 Bxb7 40. Be4 1-0

[Event "Berlin op 09"]
[Site "Berlin"]
[Date "2006.10.05"]
[Round "6"]
[White "Giemsa, Stephan"]
[Black "Teschke, Olaf"]
[Result "1-0"]
[WhiteElo "2296"]
[BlackElo "2254"]
[PlyCount "99"]
[EventDate "2006.09.30"]
[EventType "swiss"]
[EventRounds "9"]
[EventCountry "GER"]
[SourceTitle "EXT 2007"]
[Source "ChessBase"]
[SourceDate "2006.11.23"]
[SourceVersion "1"]
[SourceVersionDate "2006.11.23"]
[SourceQuality "1"]

1. d4 Nf6 2. c4 e6 3. g3 c5 4. d5 exd5 5. cxd5 b5 6. Bg2 d6 7. e4 Bb7 8. Nh3 g6 9. b3 Bg7 10. Bb2 0-0 11. 0-0 Nbd7 12. f4 Nb6 13. Na3 a6 14. Qd2 Rc8 15. Rac1 Rc7 16. Nf2 Re7 17. b4 Na4 18. Ba1 Ne8 19. Bxg7 Nxg7 20. bxc5 Nxc5 21. e5 Qb6 22. exd6 Rd7 23. Qd4 Na4 24. Qxb6 Nxb6 25. Ne4 f5 26. Nc5 Rdf7 27. Nxb7 Rxb7 28. Rc7 Rf7 29. Rfc1 Ne8 30. Rxf7 Kxf7 31. Rc6 b4 32. Rxb6 Rxb6 33. d7 Rb8 34. dxe8Q+ Rxe8 35. Nc2 a5 36. Kf2 Rc8 37. Nd4 Rc4 38. Ke3 Rc3+ 39. Kd2 Ra3 40. d6 Rxa2+ 41. Nc2 Rxc2+ 42. Kxc2 Ke6 43. Bd5+ Kxd6 44. Bg8 h6 45. Kb3 Kc5 46. Bh7 g5 47. Bxf5 gxf4 48. gxf4 Kd4 49. Bb1 h5 50. h4 1-0

[Event "Berlin op 09"]
[Site "Berlin"]
[Date "2006.09.30"]
[Round "1"]
[White "Teschke, Olaf"]
[Black "Kiesewetter, Peter"]
[Result "1-0"]
[WhiteElo "2254"]
[BlackElo "1727"]
[PlyCount "96"]
[EventDate "2006.09.30"]
[EventType "swiss"]
[EventRounds "9"]
[EventCountry "GER"]
[SourceTitle "EXT 2007"]
[Source "ChessBase"]
[SourceDate "2006.11.23"]
[SourceVersion "1"]
[SourceVersionDate "2006.11.23"]
[SourceQuality "1"]

1. e4 c5 2. Nf3 e6 3. d4 cxd4 4. Nxd4 a6 5. Bd3 Qc7 6. 0-0 Nf6 7. Qe2 d6 8. c4 Nc6 9. Be3 Be7 10. Nc3 Bd7 11. h3 0-0 12. Rac1 Ne5 13. f4 Nxd3 14. Qxd3 Rac8 15. b3 Rfd8 16. f5 e5 17. Nc2 b5 18. Nb4 bxc4 19. bxc4 Qxc4 20. Qxc4 Rxc4 21. Ncd5 Rxb4 22. Nxb4 Nxe4 23. Nd5 Bf8 24. g4 h5 25. Bb6 Re8 26. Rc7 Bb5 27. Rfc1 hxg4 28. hxg4 Nf6 29. Nxf6+ gxf6 30. Rc8 Rxc8 31. Rxc8 Kg7 32. Bd8 d5 33. Bxf6+ Kxf6 34. Rxf8 d4 35. Kf2 e4 36. Rd8 e3+ 37. Kf3 e2 38. Kf2 d3 39. Ke3 Ke5 40. Kd2 Ke4 41. f6 Kf4 42. a4 Bc6 43. Rxd3 Bf3 44. Rd6 Bxg4 45. Rxa6 Ke5 46. Rb6 Kd5 47. Rb8 Kd6 48. a5 Bf3 1-0

[Event "Berlin Lichtenberger op 5th"]
[Site "Berlin"]
[Date "2006.08.26"]
[Round "8"]
[White "Teschke, Olaf"]
[Black "Tchetchelnitski, Boris"]
[Result "1-0"]
[WhiteElo "2261"]
[BlackElo "2204"]
[PlyCount "89"]
[EventDate "2006.08.19"]
[EventType "swiss"]
[EventRounds "9"]
[EventCountry "GER"]
[SourceTitle "CBM 113 Extra"]
[Source "ChessBase"]
[SourceDate "2006.09.14"]
[SourceVersion "1"]
[SourceVersionDate "2006.09.14"]
[SourceQuality "1"]

1. e4 e6 2. d4 d5 3. Nc3 Bb4 4. e5 c5 5. a3 Bxc3+ 6. bxc3 Ne7 7. Qg4 Qa5 8. Bd2 Kf8 9. Bd3 Qa4 10. Kd1 Nbc6 11. Nf3 h6 12. h4 b6 13. Rh3 Ba6 14. Rg3 g6 15. dxc5 Qxg4 16. Rxg4 Bxd3 17. cxd3 bxc5 18. Be3 d4 19. cxd4 cxd4 20. Bxd4 Nd5 21. Bc5+ Ke8 22. Bd6 Kd7 23. Nd2 h5 24. Rc4 Na5 25. Rc2 Rhc8 26. Rac1 Rxc2 27. Rxc2 Rc8 28. Rxc8 Kxc8 29. g3 Kd7 30. Kc2 Nb7 31. Nc4 Kc6 32. Bb4 Kb5 33. Kb3 Kc6 34. Nd2 Nb6 35. Ne4 a5 36. Be7 Nc8 37. Bf8 Nb6 38. f4 Kd5 39. Ng5 Nd7 40. Be7 Kd4 41. Nxf7 Kxd3 42. Ka4 Nb6+ 43. Kb5 Nd5 44. Bf8 Kd4 45. Kc6 1-0

[Event "Berlin op 05"]
[Site "Berlin"]
[Date "2006.05.27"]
[Round "6"]
[White "Teschke, Olaf"]
[Black "Semme, Lothar"]
[Result "1-0"]
[WhiteElo "2228"]
[BlackElo "1654"]
[PlyCount "73"]
[EventDate "2006.05.24"]
[EventType "swiss"]
[EventRounds "7"]
[EventCountry "GER"]
[SourceTitle "EXT 2007"]
[Source "ChessBase"]
[SourceDate "2006.11.23"]
[SourceVersion "1"]
[SourceVersionDate "2006.11.23"]
[SourceQuality "1"]

1. e4 c5 2. Nf3 d6 3. d4 cxd4 4. Nxd4 Nf6 5. Nc3 a6 6. Be2 e5 7. Nb3 Be6 8. Be3 Nc6 9. Nd5 Bxd5 10. exd5 Nb8 11. c4 b6 12. f4 Nbd7 13. 0-0 Be7 14. Nd2 0-0 15. f5 Re8 16. Bd3 h6 17. Qf3 Nh7 18. Ne4 Nc5 19. Bc2 Nxe4 20. Qxe4 Bg5 21. Bf2 Nf6 22. Qe2 Nd7 23. Ba4 Re7 24. h4 Bf6 25. Bxd7 Rxd7 26. Qe4 b5 27. b4 bxc4 28. Rac1 a5 29. b5 Rc8 30. Rxc4 Rxc4 31. Qxc4 Rc7 32. Qa4 Rc3 33. b6 e4 34. Qxe4 Qc8 35. Qb1 Qb7 36. Rd1 Rc4 37. Qb5 1-0

[Event "Berlin op 05"]
[Site "Berlin"]
[Date "2006.05.25"]
[Round "2"]
[White "Teschke, Olaf"]
[Black "Goetze, Frank"]
[Result "1/2-1/2"]
[WhiteElo "2228"]
[BlackElo "1887"]
[PlyCount "129"]
[EventDate "2006.05.24"]
[EventType "swiss"]
[EventRounds "7"]
[EventCountry "GER"]
[SourceTitle "EXT 2007"]
[Source "ChessBase"]
[SourceDate "2006.11.23"]
[SourceVersion "1"]
[SourceVersionDate "2006.11.23"]
[SourceQuality "1"]

1. e4 c5 2. Nf3 d6 3. d4 cxd4 4. Nxd4 Nf6 5. Nc3 g6 6. Be3 Bg7 7. f3 Nc6 8. Qd2 Bd7 9. 0-0-0 Rc8 10. g4 h5 11. g5 Nh7 12. h4 Nf8 13. f4 Bg4 14. Be2 Bxe2 15. Ncxe2 a6 16. Nxc6 Rxc6 17. Bd4 Ne6 18. Bxg7 Nxg7 19. f5 gxf5 20. Nd4 Rc5 21. exf5 Nxf5 22. g6 fxg6 23. Ne6 Qc8 24. Nxc5 dxc5 25. Qd5 Nd4 26. Rhf1 Rf8 27. Qg2 Qc6 28. Qh2 Rxf1 29. Rxf1 Nf5 30. Qf4 b5 31. a3 Kf7 32. Kb1 Kg7 33. Qe5+ Qf6 34. Qxc5 Qxh4 35. Qc8 Qc4 36. Qxc4 bxc4 37. b4 cxb3 38. cxb3 Nd4 39. b4 g5 40. Kc1 g4 41. Kd2 e5 42. Ke3 Nc2+ 43. Ke4 Nxa3 44. Rc1 h4 45. Kxe5 g3 46. Kf4 g2 47. Kf3 Nc2 48. Kxg2 Nxb4 49. Rc4 Nd3 50. Rxh4 Kf6 51. Ra4 Ke5 52. Rxa6 Ke4 53. Kg3 Nc5 54. Ra8 Nd3 55. Re8+ Ne5 56. Re6 Kf5 57. Ra6 Ke4 58. Ra4+ Ke3 59. Rf4 Nd3 60. Rf8 Ke4 61. Re8+ Ne5 62. Re6 Kf5 63. Re7 Ke4 64. Re8 Kf5 65. Kg2 1/2-1/2